<?xml version="1.0" encoding="UTF-8"?>
<collection xmlns="http://www.loc.gov/MARC21/slim">
<record>
  <controlfield tag="001">2181</controlfield>
  <controlfield tag="005">20160701171700.0</controlfield>
  <datafield tag="024" ind1="7" ind2=" ">
    <subfield code="a">10.1093/mnras/stt426</subfield>
    <subfield code="2">DOI</subfield>
  </datafield>
  <datafield tag="037" ind1=" " ind2=" ">
    <subfield code="a">ASTROimport-338</subfield>
  </datafield>
  <datafield tag="100" ind1=" " ind2=" ">
    <subfield code="a">Hajduk, M.</subfield>
  </datafield>
  <datafield tag="260" ind1=" " ind2=" ">
    <subfield code="c">2013</subfield>
  </datafield>
  <datafield tag="245" ind1=" " ind2=" ">
    <subfield code="a">CK Vul: evolving nebula and three curious background stars</subfield>
  </datafield>
  <datafield tag="520" ind1=" " ind2=" ">
    <subfield code="a">We analyse the remnants of CK Vul (Nova Vul 1670) using optical imaging and spectroscopy. The imaging, obtained between 1991 and 2010, spans 5.6 per cent of the lifetime of the nebula. The flux of the nebula decreased during the last two decades. The central source still maintains the ionization of the innermost part of the nebula, but recombination proceeds in more distant parts of the nebula. Surprisingly, we discovered two stars located within 10 arcsec of the expansion centre of the radio emission that are characterized by pronounced long-term variations and one star with high proper motion. The high proper motion star is a foreground object, and the two variable stars are background objects. The photometric variations of two variables are induced by a dusty cloud ejected by CK Vul and passing through the line of sight to those stars. The cloud leaves strong lithium absorption in the spectra of the stars. We discuss the nature of the object in terms of recent observations. </subfield>
  </datafield>
  <datafield tag="700" ind1=" " ind2=" ">
    <subfield code="a"> van Hoof, P. A. M.</subfield>
  </datafield>
  <datafield tag="700" ind1=" " ind2=" ">
    <subfield code="a"> Zijlstra, A. A.</subfield>
  </datafield>
  <datafield tag="773" ind1=" " ind2=" ">
    <subfield code="p">Monthly Notices of the Royal Astronomical Society</subfield>
    <subfield code="v">432</subfield>
    <subfield code="i">1</subfield>
    <subfield code="y">2013</subfield>
    <subfield code="c">167-175</subfield>
  </datafield>
  <datafield tag="856" ind1="4" ind2="2">
    <subfield code="a">http://esoads.eso.org/abs/2013MNRAS.432..167H</subfield>
  </datafield>
  <datafield tag="905" ind1=" " ind2=" ">
    <subfield code="a">published in</subfield>
  </datafield>
  <datafield tag="980" ind1=" " ind2=" ">
    <subfield code="a">REFERD</subfield>
  </datafield>
</record>
</collection>